Pays d'Amérique du Nord par deuxième plus grande ville - Statistiques

Statistiques générales
  • Ce quiz a été pris 11 fois
  • Le résultat moyen est 11 sur 23
Statistiques - réponses
Ville Pays % Correct
Montréal Canada
100%
Los Angeles États-Unis
100%
Santiago de Cuba Cuba
89%
Ecatepec Mexique
67%
Castries Sainte-Lucie
67%
All Saints Antigua-et-Barbuda
44%
Mixco Guatemala
44%
Carrefour Haïti
44%
Sao Pedro Sula Honduras
44%
Spanish Town Jamaïque
44%
San Miguelito Panama
44%
Freeport Bahamas
33%
Speightstown Barbade
33%
Puerto Limо́n Costa Rica
33%
Portsmouth Dominique
33%
Gouyave Grenade
33%
Leо́n Nicaragua
33%
Santiago de los Caballeros République dominicaine
33%
Colonarie Saint-Vincent-et-les-Grenadines
33%
Soyapango Salvador
33%
San Fernando Trinite-et-Tobago
33%
San Ignacio Belize
22%
Sandy Point Town Saint-Christophe-et-Niévès
11%
Aucun quiz correspondant
Distribution des résultats
% des personnes avec chaque résultat
Percentile par nombre de réponses
Votre historique - résultats
Vous n’avez pas pris ce quiz